La historia del derecho indiano. Aportaciones del Instituto Internacional de Historia del Derecho Indiano a la bibliografía jurídica americanista.
Saved in:
| Hovedforfatter: | |
|---|---|
| Andre forfattere: | , |
| Format: | Bog |
| Udgivet: |
Madrid, España:
Universidad Complutense,
1989.
|
| Fag: | |
| Tags: |
Tilføj Tag
Ingen Tags, Vær først til at tagge denne postø!
|
MARC
| LEADER | 00000nam a22000007a 4500 | ||
|---|---|---|---|
| 003 | CL-VaPUC | ||
| 005 | 20220822114747.0 | ||
| 008 | 220729t1989 ||||| |||| 00| 0 eng d | ||
| 999 | |c 437756 |d 437754 | ||
| 020 | |a 84-7491-292-X | ||
| 040 | |c Pontificia Universidad Católica de Valparaíso | ||
| 082 | 7 | |a 349.8 HER 1989 |2 22 | |
| 100 | |a Hera, Alberto de la |9 616426 |e autor | ||
| 245 | |a La historia del derecho indiano. |b Aportaciones del Instituto Internacional de Historia del Derecho Indiano a la bibliografía jurídica americanista. | ||
| 260 | |a Madrid, España: |b Universidad Complutense, |c 1989. | ||
| 300 | |a 95 páginas. | ||
| 500 | |a c.1 Donación Familia Prof. Alejandro Guzmán Brito. | ||
| 583 | |c 20220729 |k Catalogador Asistente | ||
| 650 | |a Derecho indiano |x Historia |9 872201 | ||
| 700 | |a Barrero, Ana María |e autora |9 874348 | ||
| 700 | |a Martínez de Codes, Rosa María |e autora |9 874349 | ||
| 942 | |2 ddc |c BK |n 0 | ||
| 952 | |0 0 |1 0 |2 ddc |4 0 |6 349_800000000000000_HER_1989 |7 0 |8 C_AGB |9 585557 |a BIBDER |b BIBDER |d 2022-07-29 |e Donación |i 5653549 |o 349.8 HER 1989 |p 5653549 |r 2023-01-25 |t 1 |w 2022-07-29 |y BK_US |k AGB | ||